Welcome to CU Library Online Public Access Catalogue (OPAC)

Medical terminology : (Record no. 2653)

MARC details
000 -LEADER
fixed length control field 00739cam a22002294a 4500
001 - CONTROL NUMBER
control field 13455749
005 - DATE AND TIME OF LATEST TRANSACTION
control field 20250118104945.0
008 - FIXED-LENGTH DATA ELEMENTS--GENERAL INFORMATION
fixed length control field 040113s2005 njua 001 0 eng
020 ## - INTERNATIONAL STANDARD BOOK NUMBER
International Standard Book Number 9780131849105
050 00 - LIBRARY OF CONGRESS CALL NUMBER
Classification number R123
Item number .F697 2005
082 00 - DEWEY DECIMAL CLASSIFICATION NUMBER
Classification number 610/.1/4
Edition information 22
100 1# - MAIN ENTRY--PERSONAL NAME
Personal name Fremgen, Bonnie F.
245 10 - TITLE STATEMENT
Title Medical terminology :
Remainder of title a living language /
Statement of responsibility, etc. Bonnie F. Fremgen, Suzanne S. Frucht.
250 ## - EDITION STATEMENT
Edition statement 3rd ed.
260 ## - PUBLICATION, DISTRIBUTION, ETC.
Place of publication, distribution, etc. Upper Saddle River, N.J. :
Name of publisher, distributor, etc. Prentice Hall,
Date of publication, distribution, etc. c2005.
300 ## - PHYSICAL DESCRIPTION
Extent xxiii, 580 p. :
Other physical details col. ill. ;
Dimensions 27 cm. +
Accompanying material 1 CD-ROM (4 3/4 in.)
500 ## - GENERAL NOTE
General note Includes index.
650 #0 - SUBJECT ADDED ENTRY--TOPICAL TERM
Topical term or geographic name entry element Medicine
Form subdivision Terminology.
650 12 - SUBJECT ADDED ENTRY--TOPICAL TERM
Topical term or geographic name entry element Medicine
Form subdivision Terminology
General subdivision English.
700 1# - ADDED ENTRY--PERSONAL NAME
Personal name Frucht, Suzanne S.
942 ## - ADDED ENTRY ELEMENTS (KOHA)
Source of classification or shelving scheme Library of Congress Classification
Koha item type Books
Edition 3rd ed.
Suppress in OPAC No
999 ## -
-- 2653
-- 2653
Holdings
Withdrawn status Lost status Source of classification or shelving scheme Damaged status Not for loan Collection Home library Current library Shelving location Date acquired Total checkouts Full call number Barcode Date last seen Copy number Price effective from Koha item type
    Library of Congress Classification     Non-fiction Science Library (Miotso) Science Library (Miotso) General stacks 01/18/2025   R123 .F697 FRE SLM00001976 01/18/2025 1 01/18/2025 Books
    Library of Congress Classification     Non-fiction Science Library (Miotso) Science Library (Miotso) General stacks 01/18/2025   R123 .F697 FRE SLM00001977 01/18/2025 2 01/18/2025 Books
    Library of Congress Classification     Non-fiction Science Library (Miotso) Science Library (Miotso) General stacks 01/18/2025   R123 .F697 FRE SLM00001978 01/18/2025 3 01/18/2025 Books
    Library of Congress Classification     Non-fiction Science Library (Miotso) Science Library (Miotso) General stacks 01/18/2025   R123 .F697 FRE SLM00001979 01/18/2025 4 01/18/2025 Books
    Library of Congress Classification     Non-fiction Science Library (Miotso) Science Library (Miotso) General stacks 01/18/2025   R123 .F697 FRE SLM00001980 01/18/2025 5 01/18/2025 Books
© 2023-2024 Copyright: Central University Libraries. All Rights Reserved | Created by: Mahone Tech Office